书目信息 |
| 题名: |
常用汉字的笔画笔顺
|
|
| 作者: | 朱典 , 辛夷 编 | |
| 分册: | ||
| 出版信息: | 上海 上海教育出版社 1979 |
|
| 页数: | 109页 | |
| 开本: | 19cm | |
| 丛书名: | ||
| 单 册: | ||
| 中图分类: | H124.1 | |
| 科图分类: | ||
| 主题词: | 书写规则-汉字--通俗读物 , 汉字-书写规则--通俗读物 | |
| 电子资源: | ||
| ISBN: | ||
| 000 | 00717nam0 2200265 45 | |
| 001 | 0179004148 | |
| 005 | 20060811081539.67 | |
| 010 | @dCNY0.24 | |
| 091 | @aCN@b7150.1972 | |
| 100 | @a19950717d1979 em y0chiy0121 ea | |
| 101 | 0 | @achi |
| 102 | @aCN@b310000 | |
| 105 | @ay z 000yy | |
| 200 | 10 | @a常用汉字的笔画笔顺@Achang yong han zi de bi hua bi shun@f朱典,辛夷编 |
| 210 | @a上海@c上海教育出版社@d1979 | |
| 215 | @a109页@d19cm | |
| 300 | @a学文化读物 | |
| 606 | @a书写规则-汉字@x通俗读物 | |
| 606 | @a汉字-书写规则@x通俗读物 | |
| 610 | 0 | @a笔画@a笔顺 |
| 690 | @aH124.1@v3 | |
| 701 | 0 | @a朱典@Azhu dian@4编 |
| 701 | 0 | @a辛夷@Axin yi@4编 |
| 801 | 0 | @aCN@bTSSF@c20060811 |
| 905 | @a10447@dH124.1@e123 | |
| 常用汉字的笔画笔顺/朱典,辛夷编.-上海:上海教育出版社,1979 |
| 109页;19cm |
| 学文化读物 |
| ISBN :CNY0.24 |
| ● |
| 相关链接 |
|
|
|
|
正题名:常用汉字的笔画笔顺
索取号:H124.1/123
 
预约/预借
| 序号 | 登录号 | 条形码 | 馆藏地/架位号 | 状态 | 备注 |
| 1 | 0455438 | 204554384 | 密集书库/ [索取号:H124.1/123] | 在馆 |